Principles of colloid and surface chemistry /
Guardado en:
| Autor Principal: | |
|---|---|
| Formato: | Libro |
| Idioma: | English |
| Publicado: |
New York :
M. Dekker,
c1986.
|
| Edición: | 2nd ed., rev. and expanded. |
| Series: | Undergraduate chemistry ;
v. 4 |
| Materias: | |
| Etiquetas: |
Agregar Etiqueta
Sin Etiquetas, Sea el primero en etiquetar este registro!
|
| LEADER | 00863pam a22002535a 4500 | ||
|---|---|---|---|
| 001 | EIQ.libpla001953 | ||
| 008 | 851203s1986####nyua#####b####001#0#eng#d | ||
| 005 | 20070313182112.0 | ||
| 245 | 1 | 0 | |a Principles of colloid and surface chemistry / |c Paul C. Hiemenz. |
| 250 | |a 2nd ed., rev. and expanded. | ||
| 260 | |a New York : |b M. Dekker, |c c1986. | ||
| 300 | |a xv, 815 p. : |b il. ; |c 24 cm. | ||
| 440 | 0 | |a Undergraduate chemistry ; |v v. 4 | |
| 504 | |a Incluye referencias bibliográficas e índice. | ||
| 020 | |a 0824774760 | ||
| 100 | 1 | |a Hiemenz, Paul C., |d 1936- | |
| 082 | 0 | 0 | |a 541.3/45 |2 19 |
| 650 | 4 | |a Coloides |x Principios. | |
| 650 | 4 | |a Química de superficies |x Principios. | |
| 650 | 4 | |a Surface chemistry. |x Principles. | |
| 650 | 4 | |a Colloids |x Principles. | |
| 010 | |a 85029315 | ||
| 040 | |a DLC |c DLC |d AR-BbSID | ||
| 859 | |a AR-BbSID |b BIB. PLAPIQUI |h 541.345 |i H 345 |p 4154 | ||
